Ga door naar de inhoud

Культурология практикум к семинарским занятиям и по самостоятельной работе для студентов направлений подготовки 35.03.08 водные биоресурсы и аквакультура очной и заочной форм обучения

Bewaard in:
Bibliografische gegevens
Hoofdauteur: Кемалова Л. И.
Formaat: Книга
Taal:Russian
Gepubliceerd in: Керчь КГМТУ 2020
Online toegang:https://e.lanbook.com/book/174792
https://e.lanbook.com/img/cover/book/174792.jpg
Tags: Voeg label toe
Geen labels, Wees de eerste die dit record labelt!
LEADER 01134nam0a2200229 i 4500
001 174792
003 RuSpLAN
005 20221220174128.0
008 221220s2020 ru gs 000 0 rus
040 |a RuSpLAN 
041 0 |a rus 
044 |a ru 
080 |a 2-1(072) 
245 0 0 |a Культурология  |b практикум к семинарским занятиям и по самостоятельной работе для студентов направлений подготовки 35.03.08 водные биоресурсы и аквакультура очной и заочной форм обучения  |c Кемалова Л. И. 
260 |a Керчь  |b КГМТУ  |c 2020 
300 |a 49 с. 
504 |a Библиогр.: доступна в карточке книги, на сайте ЭБС Лань 
521 8 |a Книга из коллекции КГМТУ - Социально-гуманитарные науки 
100 1 |a Кемалова Л. И. 
856 4 |u https://e.lanbook.com/book/174792 
856 4 8 |u https://e.lanbook.com/img/cover/book/174792.jpg 
953 |a https://e.lanbook.com/img/cover/book/174792.jpg